[Event "Karl Mala Memorial op 13th"]
[Site "Frankfurt"]
[Date "2010.07.09"]
[Round "2"]
[White "Witt, Holger"]
[Black "Schnell, Frederik"]
[Result "1-0"]
[WhiteElo "1616"]
[BlackElo "948"]
[PlyCount "95"]
[EventDate "2010.07.08"]
[EventType "swiss"]
[EventRounds "7"]
[EventCountry "GER"]
[SourceTitle "EXT 2012"]
[Source "ChessBase"]
[SourceDate "2011.11.24"]
[SourceVersion "1"]
[SourceVersionDate "2011.11.24"]
[SourceQuality "1"]

1. d4 e6 2. Nf3 Nf6 3. e3 b6 4. Bd3 Bb7 5. Nbd2 Be7 6. 0-0 0-0 7. b3 d5 8. Ne5 Nbd7 9. f4 c5 10. Bb2 Nxe5 11. fxe5 Nd7 12. Qh5 h6 13. Rf3 Bg5 14. Raf1 Qe7 15. Qh3 Rac8 16. R3f2 a6 17. c4 Bc6 18. cxd5 exd5 19. Qf5 g6 20. Qh3 b5 21. dxc5 Nxc5 22. Ba3 a5 23. Bb1 b4 24. Bb2 Bb5 25. Rxf7 Rxf7 26. Qxc8+ Qd8 27. Qxd8+ Bxd8 28. Rxf7 Kxf7 29. Bd4 Nd3 30. Nf3 Ke6 31. h3 Bc7 32. g4 Bxe5 33. Bxe5 Nxe5 34. Nxe5 Kxe5 35. Bxg6 d4 36. exd4+ Kxd4 37. Kf2 Kc3 38. h4 Kb2 39. g5 hxg5 40. h5 Kxa2 41. h6 Kxb3 42. h7 a4 43. h8Q a3 44. Qh3+ Ka4 45. Bc2+ Ka5 46. Bb3 Ba4 47. Qf5+ Bb5 48. Bc4 1-0

[Event "Main Vogelsberg op 4th"]
[Site "Heusenstamm"]
[Date "2009.05.01"]
[Round "3"]
[White "Klyszcz, Manfred"]
[Black "Schnell, Frederik"]
[Result "0-1"]
[WhiteElo "1628"]
[BlackElo "798"]
[PlyCount "70"]
[EventDate "2009.04.30"]
[EventType "swiss"]
[EventRounds "7"]
[EventCountry "GER"]
[SourceTitle "CBM 130 Extra"]
[Source "ChessBase"]
[SourceDate "2009.07.02"]
[SourceVersion "2"]
[SourceVersionDate "2009.07.15"]
[SourceQuality "1"]

1. e4 e5 2. Bc4 Nf6 3. Nc3 Bc5 4. h3 h6 5. d3 d6 6. Na4 Bb6 7. Nxb6 axb6 8. f4 Nc6 9. a3 0-0 10. Nf3 Be6 11. fxe5 Nxe5 12. Nxe5 dxe5 13. Bxe6 fxe6 14. 0-0 Qd4+ 15. Kh1 Nd7 16. Rf3 Rxf3 17. gxf3 Rf8 18. Kg2 Rf6 19. Qf1 Rg6+ 20. Kh2 Nc5 21. Rb1 Nd7 22. Bd2 Nc5 23. Qe2 Na4 24. Be3 Qd8 25. Qf2 Qf8 26. b4 Nc3 27. Rf1 Rf6 28. Qg2 Qf7 29. d4 Rg6 30. Qd2 Nb5 31. a4 Nxd4 32. Bxd4 exd4 33. Qxd4 Qf4+ 34. Kh1 Qg3 35. Qg1 Qxh3+ 0-1